000 00238nam a2200097Ia 4500
008 240331s9999 xx 000 0 und d
082 _bSHI
100 _aShiva, V
245 0 _aUyirodu ullova :
_bIndia penkalathu valkai poraddamum
942 _cL
999 _c1481
_d1481